[Event "Paleros op 2nd"]
[Site "Paleros"]
[Date "2013.08.28"]
[Round "6"]
[White "Bousios, Hristos"]
[Black "Roinos, Ilias"]
[Result "0-1"]
[WhiteElo "2211"]
[BlackElo "1957"]
[PlyCount "108"]
[EventDate "2013.08.24"]
[EventType "swiss"]
[EventRounds "9"]
[EventCountry "GRE"]
[SourceTitle "CBM 156 Extra"]
[Source "ChessBase"]
[SourceDate "2013.10.22"]
[SourceVersion "1"]
[SourceVersionDate "2013.10.22"]
[SourceQuality "1"]

1. d4 g6 2. c4 Bg7 3. Nc3 c5 4. d5 Bxc3+ 5. bxc3 f5 6. f3 Qa5 7. Qc2 d6 8. Rb1 Nf6 9. e4 fxe4 10. Rb5 Qa6 11. fxe4 Nbd7 12. Nf3 Nb6 13. Bd3 Bd7 14. Rb1 0-0-0 15. 0-0 Qa4 16. Qb3 Rhf8 17. Bh6 Rfe8 18. h3 Ng8 19. Bd2 Rf8 20. Rf2 e5 21. Rbf1 h6 22. Be3 Be8 23. Be2 Kb8 24. Nd2 Rxf2 25. Rxf2 Qd7 26. Bg4 Qg7 27. Qd1 g5 28. Qf3 Bg6 29. Be6 Kc7 30. h4 gxh4 31. Qg4 h5 32. Qg5 Qh7 33. Qxh4 Re8 34. Bg5 Ne7 35. Kf1 Nc6 36. Ke2 Nd8 37. Bf5 Nd7 38. Qh3 Rg8 39. Bxd8+ Kxd8 40. Nf3 Bxf5 41. exf5 Rg4 42. Nh2 Rxc4 43. g4 Nf6 44. Qh4 Ke7 45. Kd3 b5 46. Rg2 Qf7 47. Rd2 Qxd5+ 48. Kc2 Qe4+ 49. Kb2 b4 50. Rxd6 bxc3+ 51. Kc1 Qe3+ 52. Kc2 Qe2+ 53. Kc1 Qb2+ 54. Kd1 c2+ 0-1

[Event "Paleros op 2nd"]
[Site "Paleros"]
[Date "2013.08.26"]
[Round "4"]
[White "Bousios, Hristos"]
[Black "Goritsas, Christos"]
[Result "1/2-1/2"]
[WhiteElo "2211"]
[BlackElo "2277"]
[PlyCount "43"]
[EventDate "2013.08.24"]
[EventType "swiss"]
[EventRounds "9"]
[EventCountry "GRE"]
[SourceTitle "CBM 156 Extra"]
[Source "ChessBase"]
[SourceDate "2013.10.22"]
[SourceVersion "1"]
[SourceVersionDate "2013.10.22"]
[SourceQuality "1"]

1. d4 Nf6 2. c4 g6 3. Nc3 Bg7 4. e4 d6 5. f4 0-0 6. Nf3 c5 7. d5 e6 8. Bd3 exd5 9. cxd5 Bg4 10. 0-0 Nbd7 11. Bd2 a6 12. a4 Re8 13. h3 Bxf3 14. Qxf3 c4 15. Bxc4 Qb6+ 16. Rf2 Qd4 17. Bd3 Nc5 18. Bc2 Nfxe4 19. Bxe4 Nxe4 20. Nxe4 Rxe4 21. Bc3 Qd3 22. Bxg7 1/2-1/2

[Event "GRE Cup 22nd"]
[Site "Greece"]
[Date "2003.11.??"]
[Round "?"]
[White "Grivas, Efstratios"]
[Black "Bousios, Hristos"]
[Result "1-0"]
[WhiteElo "2492"]
[BlackElo "2282"]
[PlyCount "65"]
[EventDate "2003.11.??"]
[EventType "team"]
[EventRounds "2"]
[EventCountry "GRE"]
[SourceTitle "EXT 2005"]
[Source "ChessBase"]
[SourceDate "2004.11.15"]
[SourceVersion "1"]
[SourceVersionDate "2004.11.15"]
[SourceQuality "1"]

1. d4 Nf6 2. c4 a6 3. Nc3 c5 4. dxc5 e6 5. e4 Qc7 6. Be3 Bxc5 7. Bxc5 Qxc5 8. Nf3 0-0 9. Rc1 d6 10. Bd3 Nbd7 11. 0-0 b6 12. a3 Bb7 13. b4 Qh5 14. Be2 d5 15. Nd4 Qg6 16. exd5 exd5 17. Bf3 Ne5 18. Nxd5 Bxd5 19. cxd5 Rad8 20. Nc6 Nxc6 21. Rxc6 Qf5 22. Qb1 Qxb1 23. Rxb1 Rb8 24. g3 Rfd8 25. d6 g6 26. Rd1 Kg7 27. Be2 a5 28. Bb5 axb4 29. axb4 Rb7 30. Kg2 Ng4 31. Rd5 Nf6 32. Rc7 Rxc7 33. dxc7 1-0

[Event "GRE-chT 31st"]
[Site "Chalkidiki"]
[Date "2002.07.12"]
[Round "8"]
[White "Bousios, Hristos"]
[Black "Markidis, Konstantinos"]
[Result "0-1"]
[WhiteElo "2293"]
[BlackElo "2362"]
[PlyCount "62"]
[EventDate "2002.07.05"]
[EventType "team"]
[EventRounds "8"]
[EventCountry "GRE"]
[SourceTitle "CBM 089 Extra"]
[Source "ChessBase"]
[SourceDate "2002.09.10"]
[SourceVersion "2"]
[SourceVersionDate "2002.09.10"]
[SourceQuality "1"]

1. d4 Nf6 2. c4 g6 3. Nc3 Bg7 4. e4 d6 5. h3 0-0 6. Nf3 Nbd7 7. e5 Ne8 8. e6 fxe6 9. Ng5 Ndf6 10. Bd3 e5 11. dxe5 dxe5 12. c5 e6 13. 0-0 b6 14. Bc4 Qe7 15. Qb3 h6 16. Bxe6+ Kh8 17. Bxc8 Rxc8 18. Ne6 Rf7 19. Be3 Nd7 20. Rac1 Nef6 21. Nb5 bxc5 22. Nxc5 Nxc5 23. Bxc5 Qe8 24. Bxa7 Rd7 25. Be3 Nd5 26. Bc5 Nf4 27. Rcd1 Rxd1 28. Rxd1 Qc6 29. Qf3 Qxc5 30. Nc3 Rf8 31. Rd2 Kh7 0-1

[Event "White Tower op 5th Balkan Cup"]
[Site "Thessaloniki"]
[Date "2001.12.28"]
[Round "7"]
[White "Bousios, Hristos"]
[Black "Nikolaidis, Ioannis"]
[Result "1/2-1/2"]
[WhiteElo "2290"]
[BlackElo "2524"]
[PlyCount "120"]
[EventDate "2001.12.21"]
[EventType "swiss"]
[EventRounds "9"]
[EventCountry "GRE"]
[SourceTitle "EXT 2003"]
[Source "ChessBase"]
[SourceDate "2002.11.25"]
[SourceVersion "1"]
[SourceVersionDate "2002.11.25"]
[SourceQuality "1"]

1. d4 Nf6 2. c4 e6 3. Nc3 Bb4 4. Bd2 d5 5. Nf3 0-0 6. e3 Nbd7 7. a3 Be7 8. c5 Ne4 9. Bd3 f5 10. 0-0 c6 11. b4 Bf6 12. Qb3 Nxd2 13. Nxd2 e5 14. Ne2 e4 15. Bc2 Qe8 16. f4 exf3 17. gxf3 Kh8 18. f4 b6 19. Nf3 bxc5 20. bxc5 Ba6 21. Rae1 Nxc5 22. dxc5 Rb8 23. Qa4 Bb5 24. Qa5 Qxe3+ 25. Rf2 Bxe2 26. Rexe2 Qxf4 27. Qe1 Qc4 28. Ne5 Bxe5 29. Rxe5 Qxc5 30. Qe3 Qxe3 31. Rxe3 g6 32. Rc3 Rf6 33. Ba4 Rb6 34. Rfc2 Ra6 35. Rxc6 Rfxc6 36. Bxc6 d4 37. a4 d3 38. Rc4 d2 39. Bf3 Rd6 40. Bd1 Re6 41. Rf4 Kg7 42. Rf1 Kf6 43. Kf2 g5 44. Be2 g4 45. Bd3 Kg5 46. Rd1 Rh6 47. Kg1 Rd6 48. Rxd2 f4 49. Rd1 f3 50. Bc2 Rxd1+ 51. Bxd1 h5 52. Bb3 Kf4 53. Kf2 h4 54. Bc4 g3+ 55. hxg3+ hxg3+ 56. Kg1 Ke3 57. Ba6 Kd2 58. Bb5 a5 59. Bc6 Ke2 60. Bb5+ Kd2 1/2-1/2

[Event "Patras op 3rd"]
[Site "Patras"]
[Date "2001.07.24"]
[Round "7"]
[White "Bousios, Hristos"]
[Black "Valden, Petros"]
[Result "1/2-1/2"]
[WhiteElo "2296"]
[BlackElo "2096"]
[PlyCount "80"]
[EventDate "2001.07.18"]
[EventType "swiss"]
[EventRounds "9"]
[EventCountry "GRE"]
[SourceTitle "CBM 083 Extra"]
[Source "ChessBase"]
[SourceDate "2001.09.11"]
[SourceVersion "1"]
[SourceVersionDate "2001.09.11"]
[SourceQuality "1"]

1. d4 Nf6 2. Nf3 e6 3. Bf4 c5 4. e3 d5 5. Nbd2 Nc6 6. c3 Bd6 7. Bg3 0-0 8. Bd3 b6 9. 0-0 Bxg3 10. hxg3 Qd6 11. Re1 e5 12. e4 cxd4 13. cxd4 Bg4 14. Qb1 Bxf3 15. dxe5 Nxe5 16. Nxf3 dxe4 17. Bxe4 Nxe4 18. Qxe4 Nxf3+ 19. gxf3 Qf6 20. Re2 g6 21. Kg2 Rad8 22. Rc1 Rd7 23. Rc6 Rd6 24. Rxd6 Qxd6 25. Qb7 a5 26. b3 Rd8 27. Re7 Qf6 28. Qc7 Rd2 29. a4 Qd4 30. Kh3 Qf6 31. Re8+ Kg7 32. Kg2 Qd4 33. Qe5+ Qxe5 34. Rxe5 h5 35. Rb5 Rd6 36. f4 f5 37. Kf3 Kf6 38. Ke2 Kf7 39. Re5 Re6 40. Re3 Rd6 1/2-1/2

[Event "GRE-chT 30th"]
[Site "Athens"]
[Date "2001.??.??"]
[Round "6"]
[White "Botsari, Anna Maria"]
[Black "Bousios, Hristos"]
[Result "0-1"]
[WhiteElo "2310"]
[BlackElo "2345"]
[PlyCount "82"]
[EventDate "2001.07.07"]
[EventType "team"]
[EventRounds "9"]
[EventCountry "GRE"]
[SourceTitle "CBM 085 Extra"]
[Source "ChessBase"]
[SourceDate "2002.01.21"]
[SourceVersion "1"]
[SourceVersionDate "2002.01.21"]
[SourceQuality "1"]

1. d4 Nf6 2. c4 c5 3. d5 a6 4. a4 e5 5. Nc3 d6 6. e4 Be7 7. Bd3 Nbd7 8. Be3 h5 9. h3 h4 10. Qd2 Nf8 11. Nf3 Ng6 12. 0-0 Nh5 13. Rfb1 a5 14. Bf1 Ngf4 15. Nh2 g6 16. Re1 b6 17. Nf3 Bd7 18. Kh2 Bf6 19. Nb5 Ke7 20. Ng1 Bxb5 21. axb5 Ng7 22. Ra3 Kd7 23. g3 hxg3+ 24. fxg3 Nfh5 25. Nf3 Qe7 26. h4 Kc7 27. Bh3 Nxg3 28. Kxg3 Bxh4+ 29. Kg2 Bxe1 30. Qxe1 Rh7 31. Bd2 Kb7 32. Ng1 Nh5 33. Bg4 Nf4+ 34. Bxf4 exf4 35. Rh3 Rxh3 36. Bxh3 Re8 37. Kf3 Qe5 38. Bg2 f5 39. Qc3 fxe4+ 40. Kf2 Qxc3 41. bxc3 a4 0-1

[Event "GRE-chT 29th"]
[Site "Athens"]
[Date "2000.07.13"]
[Round "8"]
[White "Bousios, Hristos"]
[Black "Gavrilakis, Nikolaos"]
[Result "1/2-1/2"]
[WhiteElo "2273"]
[BlackElo "2398"]
[PlyCount "28"]
[EventDate "2000.07.06"]
[EventType "team"]
[EventRounds "8"]
[EventCountry "GRE"]
[SourceTitle "EXT 2001"]
[Source "ChessBase"]
[SourceDate "2000.11.22"]
[SourceVersion "1"]
[SourceVersionDate "2000.11.22"]
[SourceQuality "1"]

1. d4 Nf6 2. c4 e6 3. Nc3 Bb4 4. Bd2 0-0 5. Nf3 b6 6. g3 Ba6 7. Qa4 c5 8. a3 Bxc3 9. Bxc3 Ne4 10. Rc1 Bb7 11. dxc5 bxc5 12. Bg2 d6 13. 0-0 Nd7 14. Nd2 Nxc3 1/2-1/2

[Event "GRE-chT 29th"]
[Site "Athens"]
[Date "2000.07.09"]
[Round "4"]
[White "Bousios, Hristos"]
[Black "Karanikolas, Konstantinos"]
[Result "1-0"]
[WhiteElo "2273"]
[BlackElo "2238"]
[PlyCount "53"]
[EventDate "2000.07.06"]
[EventType "team"]
[EventRounds "8"]
[EventCountry "GRE"]
[SourceTitle "EXT 2001"]
[Source "ChessBase"]
[SourceDate "2000.11.22"]
[SourceVersion "1"]
[SourceVersionDate "2000.11.22"]
[SourceQuality "1"]

1. d4 d5 2. c4 e6 3. Nf3 Nf6 4. Nc3 Be7 5. Bg5 0-0 6. e3 Nbd7 7. Qc2 a6 8. Rd1 dxc4 9. Bxc4 b5 10. Be2 Bb7 11. 0-0 Rc8 12. Ne5 Nxe5 13. dxe5 Nd5 14. Bf4 Qe8 15. Nxd5 Bxd5 16. Bd3 h6 17. Qe2 Bxa2 18. Bxh6 f5 19. exf6 Bxf6 20. Qg4 Rd8 21. Bg6 Rxd1 22. Bxe8 Rxf1+ 23. Kxf1 Rxe8 24. b4 c5 25. bxc5 b4 26. Qxb4 gxh6 27. Qa4 1-0

[Event "GRE-chT 29th"]
[Site "Athens"]
[Date "2000.07.06"]
[Round "1"]
[White "Bousios, Hristos"]
[Black "Tzermiadianos, Andreas"]
[Result "0-1"]
[WhiteElo "2273"]
[BlackElo "2460"]
[PlyCount "90"]
[EventDate "2000.07.06"]
[EventType "team"]
[EventRounds "8"]
[EventCountry "GRE"]
[SourceTitle "EXT 2001"]
[Source "ChessBase"]
[SourceDate "2000.11.22"]
[SourceVersion "1"]
[SourceVersionDate "2000.11.22"]
[SourceQuality "1"]

1. d4 Nf6 2. c4 g6 3. Nc3 Bg7 4. e4 0-0 5. Nf3 d6 6. Be3 Nbd7 7. Nd2 a6 8. Be2 c6 9. a4 a5 10. f4 e5 11. dxe5 dxe5 12. f5 Ne8 13. 0-0 Nc7 14. c5 Qe7 15. Rc1 Bf6 16. Kh1 Na6 17. Bxa6 Rxa6 18. Qf3 Bg5 19. Nd1 Bxe3 20. Nxe3 f6 21. Nb3 Kh8 22. Rc3 Ra8 23. Qf2 Rf7 24. Rd1 Nf8 25. Nc4 gxf5 26. exf5 Rg7 27. Nb6 Rb8 28. Nxa5 Rg5 29. Nxc8 Rxc8 30. Nc4 Nd7 31. Nd6 Rcg8 32. g3 Rb8 33. a5 Rg4 34. Rb3 Rd4 35. Rxd4 Nxc5 36. Rd1 Nxb3 37. Qa7 Qc7 38. a6 c5 39. Nxb7 Nd4 40. Kg1 Kg7 41. Kf2 Rc8 42. Rc1 Qd7 43. Rxc5 Qxf5+ 44. Kg2 Qf3+ 45. Kh3 Kg6 0-1

[Event "GRE-chT 28th"]
[Site "Kavala"]
[Date "1999.??.??"]
[Round "?"]
[White "Bousios, Hristos"]
[Black "Begnis, Nikolaos"]
[Result "1/2-1/2"]
[WhiteElo "2268"]
[BlackElo "2260"]
[PlyCount "24"]
[EventDate "1999.??.??"]
[EventType "team"]
[EventRounds "8"]
[EventCountry "GRE"]
[SourceTitle "EXT 2002"]
[Source "ChessBase"]
[SourceDate "2001.11.25"]
[SourceVersion "1"]
[SourceVersionDate "2001.11.25"]
[SourceQuality "1"]

1. d4 Nf6 2. c4 g6 3. Nc3 Bg7 4. e4 0-0 5. Bd3 d6 6. Nge2 e5 7. d5 a5 8. a3 Na6 9. b4 Bd7 10. Rb1 Nh5 11. 0-0 f5 12. exf5 gxf5 1/2-1/2

[Event "GRE-ch qual"]
[Site "Athens"]
[Date "1997.??.??"]
[Round "5"]
[White "Bousios, Hristos"]
[Black "Gogolis, Alexandros"]
[Result "1/2-1/2"]
[WhiteElo "2190"]
[BlackElo "2280"]
[PlyCount "58"]
[EventDate "1997.??.??"]
[EventType "tourn"]
[EventRounds "9"]
[EventCountry "GRE"]
[EventCategory "2"]
[SourceTitle "EXT 2004"]
[Source "ChessBase"]
[SourceDate "2003.11.25"]
[SourceVersion "1"]
[SourceVersionDate "2003.11.25"]
[SourceQuality "1"]

1. d4 Nf6 2. Nf3 g6 3. c4 Bg7 4. Nc3 d6 5. h3 Nbd7 6. Bf4 c5 7. d5 b5 8. cxb5 a6 9. e3 0-0 10. a4 axb5 11. Bxb5 Ba6 12. 0-0 Bxb5 13. axb5 Rxa1 14. Qxa1 Nb6 15. e4 Qc7 16. Qc1 Ra8 17. Bh6 Bh8 18. Re1 Nfd7 19. Qf4 Nc4 20. Qh4 Bf6 21. Bg5 Nce5 22. Nxe5 dxe5 23. Bxf6 Nxf6 24. f4 Kg7 25. Qg5 h6 26. Qxe5 Qxe5 27. fxe5 Nd7 28. e6 fxe6 29. dxe6 Ne5 1/2-1/2

[Event "GRE-ch qual"]
[Site "Athens"]
[Date "1997.??.??"]
[Round "9"]
[White "Bousios, Hristos"]
[Black "Logothetis, Sotirios"]
[Result "0-1"]
[WhiteElo "2190"]
[BlackElo "2095"]
[PlyCount "38"]
[EventDate "1997.??.??"]
[EventType "tourn"]
[EventRounds "9"]
[EventCountry "GRE"]
[EventCategory "2"]
[SourceTitle "EXT 2004"]
[Source "ChessBase"]
[SourceDate "2003.11.25"]
[SourceVersion "1"]
[SourceVersionDate "2003.11.25"]
[SourceQuality "1"]

1. d4 d5 2. Nf3 Nc6 3. Bf4 Bg4 4. e3 e6 5. Bb5 Bd6 6. h3 Bxf3 7. Qxf3 Nge7 8. c4 dxc4 9. Nc3 0-0 10. Bxd6 Qxd6 11. Bxc4 e5 12. dxe5 Nxe5 13. Qe4 N7c6 14. 0-0 Rae8 15. Bd5 Nb4 16. Rfd1 Ned3 17. Qf3 Qe5 18. Bxb7 Nxb2 19. Rdc1 N2d3 0-1